| 000 | 00384nam a22000977a 4500 | ||
|---|---|---|---|
| 008 | 160521b xxu||||| |||| 00| 0 eng d | ||
| 100 | _aKrueger, Richard A. | ||
| 245 | _aCensorship of the civil mails in Occupied Austria, 1945-1953 | ||
| 260 |
_aFort Washington, MD _bR.A. Krueger _c1989 |
||
| 650 | _aAllied Occupation | Austria | Censored Mail | 1945-1953 | Post World War II | Postal History | ||
| 999 |
_c2020 _d2020 |
||